Onde fica a capital no mapa do país? - Statistics

Estatísticas Gerais
  • Esse quiz foi jogado 142 vezes
  • A pontuação média é 10 de 15
Estatísticas das Respostas
Questão Resposta % Correto
Onde fica a capital do Brasil?
96%
Onde fica a capital da Índia?
79%
Onde fica a capital da Alemanha?
79%
Onde fica a capital do Egito?
75%
Onde fica a capital da França?
75%
Onde fica a capital da Austrália?
68%
Onde fica a capital do Reino Unido?
68%
Onde fica a capital dos Estados Unidos?
64%
Onde fica a capital da Espanha?
64%
Onde fica a capital do Canadá?
61%
Onde fica a capital do Japão?
54%
Onde fica a capital da Turquia?
50%
Onde fica a capital da China?
50%
Onde fica a capital da Suécia?
46%
Onde fica a capital de Marrocos?
39%
Nenhum quiz correspondente encontrado
Distribuição das Pontuações
Porcentagem de Pessoas com Cada Pontuação
Percentil de Números Respondidos
Sua Pontuação Histórica
Você não jogou esse quiz